Statistics for World Capitals by a Single Clue #4

Click here to take the quiz!

General Stats

  • This quiz has been taken 17,824 times
  • The average score is 13 of 20

Answer Stats

CountryClueCapital City% Correct
SwedenMost populous Nordic cityStockholm
93%
RussiaWhere you'd find Red SquareMoscow
92%
ChinaWhere you'd find the "Forbidden City"Beijing
91%
GreecePlato's academy was located hereAthens
90%
IcelandNorthernmost capital cityReykjavík
82%
MalaysiaNearest capital city to SingaporeKuala Lumpur
78%
South AfricaSouthernmost national capital in AfricaCape Town
72%
NorwayStarts and ends with OOslo
72%
United Arab EmiratesNeighbor of Dubai and SharjahAbu Dhabi
71%
AustraliaFrom here, you would have to travel over 2000 km to reach Wellington,
the closest capital of a different country
Canberra
70%
AustriaStrudels and croissants come from hereVienna
68%
ThailandKnown in its own language as Krung Thep Maha NakhonBangkok
58%
LebanonOnce called "The Paris of the Middle East"Beirut
58%
UruguayOn the northern banks of the Río de la PlataMontevideo
50%
North KoreaHome to the Ryugyong Hotel, the tallest unoccupied building in the worldPyongyang
48%
Costa RicaShares its name with a city in California's Bay AreaSan José
44%
HaitiSuffered thousands of deaths from a 2010 earthquakePort-au-Prince
42%
GeorgiaStalin lived here while studying to become a priestTbilisi
34%
TurkeyFormerly known as AngoraAnkara
22%
Saudi ArabiaHome to the world's largest all-female UniversityRiyadh
16%

Score Distribution

Percentile by Number Answered

Percent of People with Each Score

Your Score History

You have not taken this quiz